[Event "Budapest FS02 IM"]
[Site "Budapest"]
[Date "2024.02.07"]
[Round "5"]
[White "Xie, Felix"]
[Black "Kormos, Adam"]
[Result "1-0"]
[WhiteElo "2244"]
[BlackElo "2177"]
[PlyCount "73"]
[EventDate "2024.02.03"]
[EventType "schev"]
[EventRounds "9"]
[EventCountry "HUN"]
[SourceTitle "CB08_2024"]
[SourceDate "2024.02.21"]
[SourceVersion "1"]
[SourceVersionDate "2024.02.21"]
[SourceQuality "1"]

1. d4 d6 2. Nf3 g6 3. e4 Nf6 4. Nc3 Bg7 5. h3 c6 6. Bd3 Qc7 7. 0-0 e5 8. dxe5 dxe5 9. a4 a5 10. Be3 0-0 11. Bc4 Na6 12. Qc1 Qe7 13. Bg5 Qc5 14. Bb3 Nh5 15. Rd1 Nc7 16. Qe3 Qxe3 17. Bxe3 Ne6 18. Rd2 Nhf4 19. Rad1 Re8 20. Kh2 h6 21. Bc4 Kh7 22. Ng1 Bf8 23. g3 Nh5 24. Nge2 Bb4 25. f4 exf4 26. gxf4 Nhg7 27. Ng3 Kg8 28. f5 gxf5 29. exf5 Bxc3 30. bxc3 Ng5 31. Bxg5 hxg5 32. Rf2 Rb8 33. Rd6 Re5 34. Rf6 Re7 35. Rg6 Be6 36. Bxe6 Rxe6 37. Rxg7+ 1-0

[Event "Budapest FS02 IM"]
[Site "Budapest"]
[Date "2024.02.06"]
[Round "4"]
[White "Kormos, Adam"]
[Black "Barrish, Daniel"]
[Result "0-1"]
[WhiteElo "2177"]
[BlackElo "2283"]
[PlyCount "68"]
[EventDate "2024.02.03"]
[EventType "schev"]
[EventRounds "9"]
[EventCountry "HUN"]
[SourceTitle "CB08_2024"]
[SourceDate "2024.02.21"]
[SourceVersion "1"]
[SourceVersionDate "2024.02.21"]
[SourceQuality "1"]

1. e4 c6 2. Ne2 d5 3. e5 c5 4. c3 Nc6 5. d4 Bg4 6. Qb3 Qd7 7. f3 Bf5 8. Na3 e6 9. Qd1 cxd4 10. cxd4 Bb4+ 11. Bd2 Bxa3 12. bxa3 Bd3 13. Bb4 Bc4 14. Nc3 Bxf1 15. Rxf1 Nxb4 16. axb4 Rc8 17. Qd3 Ne7 18. Nb5 0-0 19. Nd6 Rc6 20. b5 Rc7 21. Kd2 Nc8 22. Qa3 Nb6 23. Qxa7 Nc4+ 24. Nxc4 dxc4 25. Qb6 c3+ 26. Ke3 Rfc8 27. Rac1 c2 28. Rf2 Qe7 29. Qd6 Qg5+ 30. f4 Rc3+ 31. Kd2 Qg6 32. Ke1 Qe4+ 33. Kf1 Qe3 34. Rfxc2 Qd3+ 0-1

[Event "Budapest BSSZ op"]
[Site "Budapest"]
[Date "2023.08.26"]
[Round "8"]
[White "Kormos, Adam"]
[Black "Koczo, Kristof"]
[Result "1-0"]
[WhiteElo "2164"]
[BlackElo "2019"]
[PlyCount "63"]
[EventDate "2023.08.21"]
[EventType "swiss"]
[EventRounds "9"]
[EventCountry "HUN"]
[SourceTitle "EXT 2024"]
[Source "ChessBase"]
[SourceDate "2023.10.10"]
[SourceVersion "1"]
[SourceVersionDate "2023.10.10"]
[SourceQuality "1"]

1. e4 c5 2. Nf3 d6 3. Nc3 Nf6 4. d4 cxd4 5. Qxd4 Nc6 6. Bb5 Bd7 7. Bxc6 Bxc6 8. Bg5 e6 9. 0-0-0 Be7 10. h4 h6 11. Bf4 e5 12. Nxe5 dxe5 13. Qxe5 Nd7 14. Qxg7 Bf6 15. Qg3 Qe7 16. e5 Nxe5 17. Rhe1 Bxh4 18. Qg7 Bf6 19. Qg3 Bh4 20. Qh2 Bg5 21. Bxg5 Qxg5+ 22. Kb1 Kf8 23. Rxe5 Qxg2 24. Qh4 Re8 25. Qf6 Qg7 26. Rxe8+ Bxe8 27. Qd6+ Kg8 28. Nd5 Qg5 29. f4 Qg2 30. Nf6+ Kg7 31. Qd4 Kg6 32. Rg1 1-0

[Event "Budapest BSSZ op"]
[Site "Budapest"]
[Date "2023.08.25"]
[Round "7"]
[White "Suranyi, Pal"]
[Black "Kormos, Adam"]
[Result "0-1"]
[WhiteElo "1997"]
[BlackElo "2164"]
[PlyCount "80"]
[EventDate "2023.08.21"]
[EventType "swiss"]
[EventRounds "9"]
[EventCountry "HUN"]
[SourceTitle "EXT 2024"]
[Source "ChessBase"]
[SourceDate "2023.10.10"]
[SourceVersion "1"]
[SourceVersionDate "2023.10.10"]
[SourceQuality "1"]

1. d4 Nf6 2. c4 g6 3. Nc3 d5 4. Nf3 Bg7 5. Qb3 dxc4 6. Qxc4 0-0 7. e4 a6 8. Be2 b5 9. Qb3 c5 10. dxc5 Bb7 11. e5 Nfd7 12. Be3 Nxe5 13. Nxe5 Bxe5 14. Rd1 Qc7 15. h4 e6 16. 0-0 Nc6 17. Bg4 Bf6 18. Ne4 Bxh4 19. Bh6 Ne5 20. Bxf8 Rxf8 21. Qh3 Bxe4 22. Qxh4 Qxc5 23. Rfe1 Bb7 24. Re3 Nxg4 25. Qxg4 h5 26. Qe2 Bd5 27. Rc3 Qb4 28. Rg3 Qf4 29. b3 Kh7 30. Rc3 Rd8 31. Rdc1 Qg5 32. f3 Qf4 33. Qe3 Qf6 34. Rc7 h4 35. Ra7 h3 36. Rcc7 e5 37. gxh3 Be6 38. Kh2 Qf5 39. f4 exf4 40. Qc3 f3 0-1

[Event "Budapest BSSZ op"]
[Site "Budapest"]
[Date "2023.08.24"]
[Round "5"]
[White "Sadbhav, Rautela"]
[Black "Kormos, Adam"]
[Result "0-1"]
[WhiteElo "1596"]
[BlackElo "2164"]
[PlyCount "138"]
[EventDate "2023.08.21"]
[EventType "swiss"]
[EventRounds "9"]
[EventCountry "HUN"]
[SourceTitle "EXT 2024"]
[Source "ChessBase"]
[SourceDate "2023.10.10"]
[SourceVersion "1"]
[SourceVersionDate "2023.10.10"]
[SourceQuality "1"]

1. e4 d6 2. d4 Nf6 3. Nc3 g6 4. f4 Bg7 5. Nf3 0-0 6. e5 Nfd7 7. Be2 Nb6 8. Be3 dxe5 9. fxe5 f6 10. 0-0 Nc6 11. exf6 exf6 12. Qd2 Re8 13. Rad1 Bf5 14. d5 Ne5 15. Nxe5 Rxe5 16. Bf4 Re7 17. Nb5 Rd7 18. d6 cxd6 19. Nxd6 Bf8 20. c4 Bxd6 21. Bxd6 Nc8 22. c5 Nxd6 23. cxd6 Qb6+ 24. Qd4 Rxd6 25. Qxb6 Rxb6 26. g4 Be4 27. Bc4+ Kg7 28. Rd7+ Kh6 29. Re7 f5 30. b3 Kg5 31. gxf5 gxf5 32. Rxh7 Rd8 33. h4+ Kg6 34. Rc7 Rh8 35. Bf7+ Kf6 36. h5 Rh7 37. Rc4 Kxf7 38. Rxe4 Rxh5 39. Rc4 Rg6+ 40. Kf2 Rh2+ 41. Ke3 Re6+ 42. Kd3 Kf6 43. Rc7 Rd6+ 44. Ke3 Re6+ 45. Kd3 Rxa2 46. Rxb7 Ra5 47. b4 Ra3+ 48. Kd4 Ree3 49. b5 Re6 50. Rb8 Ra4+ 51. Kd3 Rd6+ 52. Ke3 Ra3+ 53. Ke2 Rd5 54. b6 Ra2+ 55. Ke3 Ra3+ 56. Ke2 Re5+ 57. Kd2 axb6 58. Rxb6+ Kg5 59. Rb8 Raa5 60. Rg8+ Kf6 61. Rd8 Ke7 62. Rd4 Ke6 63. Rd8 Ke7 64. Rd4 Ra3 65. Rh4 Rb5 66. Rc4 Ke6 67. Rc6+ Ke5 68. Rc8 Ra2+ 69. Kd1 Rb1+ 0-1

[Event "Budapest BSSZ op"]
[Site "Budapest"]
[Date "2023.08.21"]
[Round "1"]
[White "Karacsonyi, Bank"]
[Black "Kormos, Adam"]
[Result "0-1"]
[WhiteElo "1976"]
[BlackElo "2164"]
[PlyCount "86"]
[EventDate "2023.08.21"]
[EventType "swiss"]
[EventRounds "9"]
[EventCountry "HUN"]
[SourceTitle "EXT 2024"]
[Source "ChessBase"]
[SourceDate "2023.10.10"]
[SourceVersion "1"]
[SourceVersionDate "2023.10.10"]
[SourceQuality "1"]

1. e4 c5 2. Nf3 d6 3. Nc3 e5 4. g3 Nf6 5. Bg2 Nc6 6. d3 Be7 7. h3 0-0 8. 0-0 Rb8 9. a4 h6 10. Nh2 a6 11. f4 b5 12. axb5 axb5 13. f5 Nd4 14. Ne2 d5 15. c3 Nxe2+ 16. Qxe2 dxe4 17. dxe4 c4 18. Rd1 Qc7 19. h4 Bb7 20. g4 Rfd8 21. Re1 Nh7 22. Nf3 f6 23. Kh2 Qc6 24. Kg3 Rd3 25. Bd2 Nf8 26. b4 Nd7 27. Bf1 Nb6 28. Qf2 Rd7 29. Be3 Qxe4 30. Bg2 h5 31. gxh5 Rd3 32. Re2 Qxf5 33. Bh3 Qxf3+ 34. Qxf3 Bxf3 35. Be6+ Kf8 36. Kxf3 Rd6 37. Bxb6 Rxe6 38. Bc7 Rb7 39. Ra8+ Kf7 40. Bd8 Bd6 41. Ke4 Re8 42. Rd2 Rd7 43. Ra6 Rexd8 0-1

[Event "Budapest FS04 Nadassy"]
[Site "Budapest"]
[Date "2023.04.07"]
[Round "6"]
[White "Kormos, Adam"]
[Black "Monduk, Ferenc"]
[Result "1-0"]
[WhiteElo "2114"]
[BlackElo "1798"]
[PlyCount "147"]
[EventDate "2023.04.01"]
[EventType "schev"]
[EventRounds "12"]
[EventCountry "HUN"]
[SourceTitle "EXT 2024"]
[Source "ChessBase"]
[SourceDate "2023.10.10"]
[SourceVersion "1"]
[SourceVersionDate "2023.10.10"]
[SourceQuality "1"]
[WhiteTeam "Team Higher Elo	"]
[BlackTeam "Team Lower Elo"]
[WhiteTeamCountry "HUN"]
[BlackTeamCountry "HUN"]

1. e4 e6 2. d4 d5 3. Nc3 Nf6 4. exd5 exd5 5. Bg5 c6 6. Qe2+ Be6 7. f4 Qe7 8. 0-0-0 g6 9. g4 Bxg4 10. Bxf6 Bxe2 11. Bxe7 Bxf1 12. Bf6 Bg2 13. Re1+ Kd7 14. Bxh8 Bxh1 15. Nh3 Bg2 16. Ng5 Bd6 17. Be5 Be7 18. Nxf7 Na6 19. Re3 Rf8 20. Nh6 Bh4 21. Nd1 Be7 22. Nf2 c5 23. Rb3 Kc6 24. Rg3 Be4 25. Nxe4 dxe4 26. c3 Kd5 27. Ng4 cxd4 28. cxd4 Nb4 29. Kd2 Rc8 30. Rc3 Rc6 31. a3 Rxc3 32. Kxc3 Na6 33. Ne3+ Kc6 34. d5+ Kd7 35. b4 Nc7 36. Bxc7 Kxc7 37. Kd4 Bf6+ 38. Kxe4 b5 39. f5 Bb2 40. fxg6 hxg6 41. h4 Bxa3 42. Nc2 Bb2 43. Nd4 a6 44. Ne6+ Kd6 45. Nf4 Bc3 46. Nxg6 Bxb4 47. h5 Bd2 48. Nf4 b4 49. h6 b3 50. h7 b2 51. h8Q b1Q+ 52. Nd3 Kd7 53. Qh7+ Kc8 54. Qh8+ Kd7 55. Qh3+ Kd8 56. Qh2 Ba5 57. Qh8+ Kd7 58. Qh7+ Kd8 59. Qg8+ Kd7 60. Qe6+ Kd8 61. Qxa6 Qh1+ 62. Kd4 Qa1+ 63. Ke4 Qh1+ 64. Kd4 Qa1+ 65. Kc5 Qc3+ 66. Qc4 Bb6+ 67. Kb5 Qa5+ 68. Kc6 Qa8+ 69. Kxb6 Qb8+ 70. Kc5 Qa7+ 71. Kb4 Qe7+ 72. Nc5 Qe1+ 73. Kb5 Qe8+ 74. Kb6 1-0

[Event "HUN-chT 2223"]
[Site "Hungary"]
[Date "2023.01.15"]
[Round "7.5"]
[White "Farkas, Tibor"]
[Black "Kormos, Adam"]
[Result "1/2-1/2"]
[WhiteElo "2251"]
[BlackElo "2228"]
[PlyCount "71"]
[EventDate "2022.11.20"]
[EventType "team-tourn"]
[EventRounds "9"]
[EventCountry "HUN"]
[SourceTitle "CBM 213 Extra"]
[Source "ChessBase"]
[SourceDate "2023.05.31"]
[SourceVersion "1"]
[SourceVersionDate "2023.05.31"]
[SourceQuality "1"]
[WhiteTeam "Mako Duocor"]
[BlackTeam "Hetenyi Geza"]
[WhiteTeamCountry "HUN"]
[BlackTeamCountry "HUN"]

1. e4 Nf6 2. e5 Nd5 3. d4 d6 4. c4 Nb6 5. exd6 cxd6 6. Nc3 g6 7. Be3 Bg7 8. Rc1 0-0 9. b3 d5 10. c5 Nc6 11. Bb5 Nd7 12. Nge2 Nf6 13. 0-0 Bf5 14. f3 h5 15. Nf4 Rc8 16. Qd2 e6 17. Nce2 Ne7 18. b4 Qc7 19. Rfe1 Rfd8 20. Ba4 a6 21. Bb3 Nc6 22. Ng3 Ne7 23. a4 b5 24. axb5 axb5 25. Ra1 Ra8 26. Nfe2 h4 27. Bf4 Qb7 28. Nf1 Nh7 29. g4 hxg3 30. hxg3 Rxa1 31. Rxa1 Ra8 32. Rxa8+ Qxa8 33. g4 Bb1 34. Qc3 g5 35. Be3 Nc6 36. Nd2 1/2-1/2

[Event "Budapest Vezerkepzo Christmas IM"]
[Site "Budapest"]
[Date "2023.01.02"]
[Round "7"]
[White "Kormos, Adam"]
[Black "Neverov, Valeriy"]
[Result "0-1"]
[WhiteElo "2219"]
[BlackElo "2393"]
[PlyCount "50"]
[EventDate "2022.12.26"]
[EventType "tourn"]
[EventRounds "9"]
[EventCountry "HUN"]
[SourceTitle "CBM 212 Extra"]
[Source "ChessBase"]
[SourceDate "2023.03.31"]
[SourceVersion "1"]
[SourceVersionDate "2023.03.31"]
[SourceQuality "1"]

1. e4 c5 2. Nf3 Nc6 3. Nc3 e5 4. Bc4 Be7 5. d3 Nf6 6. Ng5 0-0 7. 0-0 h6 8. f4 exf4 9. Nxf7 Rxf7 10. Bxf4 d5 11. Nxd5 Be6 12. Nc7 Bxc4 13. Nxa8 Be6 14. Nc7 Bg4 15. Qe1 Nd4 16. Rf2 Nh5 17. Be5 Bh4 18. g3 Bf6 19. Bxf6 Rxf6 20. Nd5 Nf3+ 21. Rxf3 Rxf3 22. Rd1 Nf6 23. Nf4 Qd4+ 24. Kg2 Re3 25. Qd2 Bf3+ 0-1

[Event "Budapest Vezerkepzo Christmas IM"]
[Site "Budapest"]
[Date "2022.12.28"]
[Round "3"]
[White "Kormos, Adam"]
[Black "To, Nhat Minh"]
[Result "0-1"]
[WhiteElo "2219"]
[BlackElo "2308"]
[PlyCount "114"]
[EventDate "2022.12.26"]
[EventType "tourn"]
[EventRounds "9"]
[EventCountry "HUN"]
[SourceTitle "CBM 212 Extra"]
[Source "ChessBase"]
[SourceDate "2023.03.31"]
[SourceVersion "1"]
[SourceVersionDate "2023.03.31"]
[SourceQuality "1"]

1. e4 e5 2. Nf3 Nc6 3. Bb5 a6 4. Ba4 Nf6 5. d3 b5 6. Bb3 Bc5 7. 0-0 d6 8. Bd2 Ne7 9. a4 Rb8 10. axb5 axb5 11. Nc3 h6 12. Ne2 Bb6 13. Ng3 Ng6 14. Nf5 Bxf5 15. exf5 Ne7 16. Nh4 d5 17. Qf3 Qd6 18. Qg3 0-0 19. Rae1 Nc6 20. c3 b4 21. Bd1 bxc3 22. bxc3 Nd7 23. Qh3 Rfd8 24. Kh1 Ba5 25. f6 Qxf6 26. Re3 Rb2 27. Bh5 e4 28. dxe4 dxe4 29. Be1 Nc5 30. Nf5 Rd5 31. Ng3 Qf4 32. Be2 Rg5 33. Qc8+ Kh7 34. Qa8 Rg6 35. Bh5 Rd6 36. Qf8 Ne5 37. Qa8 Ra6 38. Qd5 Bb6 39. Nxe4 Ne6 40. Re2 Rxe2 41. Bxe2 Ra5 42. Bh5 Ra6 43. Be2 Ra5 44. Qb7 Ra7 45. Qd5 c6 46. g3 cxd5 47. gxf4 Nxf4 48. Ng3 Ra2 49. Bb5 g6 50. c4 Nxc4 51. Ne4 dxe4 52. Bxc4 Rc2 53. Bxf7 Rc1 54. Rg1 Nh3 55. Bxg6+ Kg7 56. Bc3+ Rxc3 57. Rb1 Kxg6 0-1

[Event "HUN-chT 2223"]
[Site "Hungary"]
[Date "2022.12.18"]
[Round "3.5"]
[White "Kormos, Adam"]
[Black "Nagy, Gabor"]
[Result "0-1"]
[WhiteElo "2228"]
[BlackElo "2482"]
[PlyCount "134"]
[EventDate "2022.11.20"]
[EventType "team-tourn"]
[EventRounds "9"]
[EventCountry "HUN"]
[SourceTitle "CBM 213 Extra"]
[Source "ChessBase"]
[SourceDate "2023.05.31"]
[SourceVersion "1"]
[SourceVersionDate "2023.05.31"]
[SourceQuality "1"]
[WhiteTeam "Hetenyi Geza"]
[BlackTeam "Kobanya Aquarena"]
[WhiteTeamCountry "HUN"]
[BlackTeamCountry "HUN"]

1. e4 c5 2. Nf3 e6 3. g3 Nc6 4. Bg2 Nf6 5. Nc3 d6 6. d4 cxd4 7. Nxd4 Bd7 8. 0-0 Be7 9. Re1 Qb8 10. Nxc6 Bxc6 11. Bf4 Nd7 12. Nd5 Bxd5 13. exd5 e5 14. Be3 0-0 15. g4 h6 16. c4 a5 17. a4 Qd8 18. Be4 Bg5 19. Qf3 g6 20. Qh3 Kg7 21. Ra3 Rc8 22. Rc3 Bxe3 23. Rexe3 Qg5 24. Kh1 Nf6 25. Bf3 Qf4 26. Qf1 Nxg4 27. Bxg4 Qxg4 28. Qd3 Rc7 29. Rg3 Qd7 30. b3 Qe7 31. Rc1 f5 32. Rcg1 Rf6 33. R3g2 Kh7 34. Qc3 b6 35. Qe3 Rb7 36. Qd3 Qd8 37. Qe3 Rbf7 38. Qd2 Qc8 39. Rb1 Re7 40. Qc3 f4 41. b4 Rc7 42. bxa5 Rxc4 43. Qe1 bxa5 44. Qxa5 Rf7 45. Qb5 Rc5 46. Qd3 Rg7 47. Rbg1 Qg8 48. Rd1 Qf7 49. f3 Ra5 50. Qe4 Qf5 51. Qb4 Rc5 52. a5 Qf7 53. Rgd2 Qa7 54. Ra2 Rgc7 55. Qb6 Rd7 56. Qxa7 Rxa7 57. a6 h5 58. h4 Kh6 59. Kg2 Rb5 60. Kf2 Rb6 61. Rda1 g5 62. hxg5+ Kxg5 63. Kg2 Kf5 64. Ra4 Rb2+ 65. Kf1 h4 66. Rc4 h3 67. Kg1 Rg7+ 0-1

[Event "Budapest FS08 IM"]
[Site "Budapest"]
[Date "2021.08.16"]
[Round "9"]
[White "Kormos, Adam"]
[Black "Jakab, Attila"]
[Result "0-1"]
[WhiteElo "2226"]
[BlackElo "2339"]
[PlyCount "90"]
[EventDate "2021.08.07"]
[EventType "swiss"]
[EventRounds "10"]
[EventCountry "HUN"]
[SourceTitle "EXT 2022"]
[Source "ChessBase"]
[SourceDate "2021.10.06"]
[SourceVersion "1"]
[SourceVersionDate "2021.10.06"]
[SourceQuality "1"]

1. e4 c5 2. Nc3 Nc6 3. Nf3 Nf6 4. Be2 e5 5. d3 Be7 6. Nd2 0-0 7. Nf1 d5 8. Nxd5 Nxd5 9. exd5 Qxd5 10. Ne3 Qd6 11. Nc4 Qc7 12. 0-0 Nd4 13. c3 Nxe2+ 14. Qxe2 f6 15. f4 b5 16. Ne3 Be6 17. f5 Bf7 18. a4 a6 19. Qf3 Rad8 20. axb5 axb5 21. Qe4 Rd7 22. Ra8 Rxa8 23. Qxa8+ Bf8 24. c4 Rxd3 25. cxb5 Rd8 26. Qc6 Qxc6 27. bxc6 Rc8 28. Rd1 Be8 29. Nc4 Bxc6 30. Be3 Be4 31. Nb6 Rc6 32. Rd8 Bxf5 33. Nc4 Be6 34. b3 Rc8 35. Rd2 Rb8 36. Nd6 Rxb3 37. Bxc5 f5 38. Kf2 Rc3 39. Bb4 Rc6 40. g3 g5 41. Ke3 Rb6 42. Bc5 Rb3+ 43. Ke2 h5 44. Kd1 Rb1+ 45. Kc2 Ra1 0-1

[Event "Budapest FS08 IM"]
[Site "Budapest"]
[Date "2021.08.15"]
[Round "8"]
[White "Parkanyi, Attila"]
[Black "Kormos, Adam"]
[Result "1/2-1/2"]
[WhiteElo "2243"]
[BlackElo "2226"]
[PlyCount "156"]
[EventDate "2021.08.07"]
[EventType "swiss"]
[EventRounds "10"]
[EventCountry "HUN"]
[SourceTitle "EXT 2022"]
[Source "ChessBase"]
[SourceDate "2021.10.06"]
[SourceVersion "1"]
[SourceVersionDate "2021.10.06"]
[SourceQuality "1"]

1. e4 d6 2. d4 Nf6 3. Nc3 g6 4. f4 Bg7 5. Nf3 0-0 6. Be2 c5 7. Be3 Ng4 8. Bg1 cxd4 9. Nxd4 e5 10. Ndb5 exf4 11. Bxg4 Qh4+ 12. Bf2 Qxg4 13. Qxg4 Bxg4 14. Nc7 Bxc3+ 15. bxc3 Nd7 16. Nxa8 Rxa8 17. h3 Bh5 18. 0-0 g5 19. a4 Nf6 20. Rfe1 Re8 21. Bxa7 Nxe4 22. Rab1 Re7 23. Rb4 f5 24. Rb5 Bg6 25. Bd4 g4 26. hxg4 fxg4 27. Rg5 f3 28. Rxg4 fxg2 29. Kxg2 Kf8 30. c4 Ke8 31. c3 Kd7 32. Rf4 Re8 33. a5 Kc6 34. Re2 Rg8 35. Kh2 Re8 36. Re3 Kc7 37. Ba7 Kc6 38. Bb6 Re5 39. Rf8 Be8 40. Bd4 Rh5+ 41. Rh3 Rxh3+ 42. Kxh3 Bd7+ 43. Kg2 Nd2 44. Ra8 Nxc4 45. a6 bxa6 46. Rxa6+ Kd5 47. Kf3 h5 48. Ra7 Bg4+ 49. Kf4 Nb2 50. Rg7 Kc4 51. Ke4 d5+ 52. Ke3 Kb3 53. Rg5 Kc4 54. Rg6 Kb3 55. Kd2 Nc4+ 56. Kc1 Bf3 57. Rh6 Ka4 58. Rf6 Be4 59. Rh6 Bf3 60. Kc2 Kb5 61. Kd3 Ka4 62. Bg7 Kb3 63. Rh8 Ka4 64. Rh6 Kb3 65. Bf6 Ka4 66. Rh8 Kb5 67. Kd4 Kc6 68. Rh6 Kd6 69. Be5+ Ke7 70. Bf4 Kf7 71. Bg5 Kg7 72. Rf6 Be4 73. Ra6 Kf7 74. Rc6 Na5 75. Rh6 Kg7 76. Ra6 Nc4 77. Rc6 Na5 78. Ra6 Nc4 1/2-1/2

[Event "Budapest FS08 IM"]
[Site "Budapest"]
[Date "2021.08.07"]
[Round "1"]
[White "Terbe, Julianna"]
[Black "Kormos, Adam"]
[Result "1/2-1/2"]
[WhiteElo "2291"]
[BlackElo "2226"]
[PlyCount "108"]
[EventDate "2021.08.07"]
[EventType "swiss"]
[EventRounds "10"]
[EventCountry "HUN"]
[SourceTitle "EXT 2022"]
[Source "ChessBase"]
[SourceDate "2021.10.06"]
[SourceVersion "1"]
[SourceVersionDate "2021.10.06"]
[SourceQuality "1"]

1. Nf3 g6 2. d4 Bg7 3. g3 Nf6 4. Bg2 d5 5. c4 dxc4 6. Na3 c3 7. bxc3 c5 8. 0-0 0-0 9. Qb3 Nc6 10. Rd1 Na5 11. Qb2 Ne4 12. Be3 Qb6 13. Qc2 Nf6 14. dxc5 Qa6 15. Ne5 Nc6 16. Nac4 Ng4 17. Nxg4 Bxg4 18. h3 Bf5 19. Qb3 Rad8 20. Nd2 Rd7 21. Nf3 Be6 22. Qb2 Rfd8 23. Rxd7 Rxd7 24. Nd4 Bd5 25. Bxd5 Rxd5 26. Qb3 Rxc5 27. Rb1 Nxd4 28. cxd4 Rc7 29. Bf4 Rd7 30. Rc1 Bxd4 31. Bh6 Rd8 32. e3 Bg7 33. Bxg7 Kxg7 34. Kg2 Rd7 35. Rc4 Qe6 36. e4 Qf6 37. Qe3 b5 38. e5 Qf5 39. Rh4 g5 40. Re4 h6 41. e6 Rd2 42. Re5 Qf6 43. exf7 Rxa2 44. Rxb5 Qc6+ 45. Qf3 Qxf3+ 46. Kxf3 Kxf7 47. Rb7 Kf6 48. Rb8 a5 49. Rh8 Kg7 50. Re8 Kf6 51. Rh8 Ra3+ 52. Kg4 Kg7 53. Re8 Kg6 54. Rg8+ Kf7 1/2-1/2

[Event "EU-ch Online U2300 Qual"]
[Site "Chess.com INT"]
[Date "2020.05.25"]
[Round "3"]
[White "Khachatryan, Veronika"]
[Black "Kormos, Adam"]
[Result "1-0"]
[WhiteElo "1869"]
[BlackElo "2279"]
[PlyCount "51"]
[EventDate "2020.05.25"]
[EventType "swiss"]
[EventRounds "8"]
[EventCountry "NET"]
[SourceTitle "EXT 2021"]
[Source "ChessBase"]
[SourceDate "2020.10.23"]
[SourceVersion "1"]
[SourceVersionDate "2020.10.23"]
[SourceQuality "1"]

1. Nf3 Nf6 2. g3 g6 3. Bg2 Bg7 4. 0-0 0-0 5. c4 d5 6. cxd5 Nxd5 7. Nc3 Nb6 8. d3 Nc6 9. Be3 e5 10. Rc1 Nd4 11. Bd2 Bg4 12. Nxd4 exd4 13. Ne4 c6 14. h3 Be6 15. Bb4 Bxa2 16. Bxf8 Qxf8 17. Nc5 Rb8 18. b3 a5 19. Qc2 Bh6 20. f4 Nd5 21. Bxd5 cxd5 22. Nd7 Qe7 23. Nxb8 Qe3+ 24. Kg2 Bxb3 25. Qxb3 Qxe2+ 26. Rf2 1-0

[Event "EU-ch Online U2300 Qual"]
[Site "Chess.com INT"]
[Date "2020.05.25"]
[Round "2"]
[White "Kormos, Adam"]
[Black "Mladek, Richard"]
[Result "1-0"]
[WhiteElo "2279"]
[BlackElo "2280"]
[PlyCount "63"]
[EventDate "2020.05.25"]
[EventType "swiss"]
[EventRounds "8"]
[EventCountry "NET"]
[SourceTitle "EXT 2021"]
[Source "ChessBase"]
[SourceDate "2020.10.23"]
[SourceVersion "1"]
[SourceVersionDate "2020.10.23"]
[SourceQuality "1"]

1. e4 c5 2. Nf3 d6 3. d4 cxd4 4. Nxd4 Nf6 5. Nc3 a6 6. a4 g6 7. Be3 Ng4 8. Bc1 Bg7 9. h3 Nf6 10. Be3 0-0 11. Be2 Nc6 12. 0-0 Bd7 13. f4 Rc8 14. Nb3 Na5 15. e5 Rxc3 16. bxc3 Ne4 17. Bf3 Bc6 18. Qe1 Nc4 19. Bd4 dxe5 20. fxe5 f5 21. exf6 exf6 22. Bxe4 Re8 23. Bd3 Rxe1 24. Bxc4+ Bd5 25. Bxd5+ Qxd5 26. Raxe1 f5 27. Bxg7 Kxg7 28. Nd4 Qc5 29. Re3 Kf6 30. Rfe1 Qc4 31. h4 Qxa4 32. Re7 1-0

[Event "HUN-chT2 Erkel 1819"]
[Site "Hungary"]
[Date "2019.04.28"]
[Round "9.7"]
[White "Eberth, Zoltan"]
[Black "Kormos, Adam"]
[Result "0-1"]
[WhiteElo "2179"]
[BlackElo "2184"]
[PlyCount "96"]
[EventDate "2018.10.28"]
[EventType "team-tourn"]
[EventRounds "9"]
[EventCountry "HUN"]
[SourceTitle "EXT 2021"]
[Source "ChessBase"]
[SourceDate "2020.10.23"]
[SourceVersion "1"]
[SourceVersionDate "2020.10.23"]
[SourceQuality "1"]
[WhiteTeam "Gyongyos Energia"]
[BlackTeam "Budapest EAC"]
[WhiteTeamCountry "HUN"]
[BlackTeamCountry "HUN"]

1. e4 e5 2. d4 exd4 3. c3 dxc3 4. Bc4 cxb2 5. Bxb2 d5 6. Bxd5 Nf6 7. Bxf7+ Kxf7 8. Qxd8 Bb4+ 9. Qd2 Bxd2+ 10. Nxd2 Re8 11. Ngf3 Nc6 12. 0-0 Bg4 13. Ng5+ Kg8 14. f3 Bh5 15. g4 Rad8 16. Nb3 Bg6 17. Rac1 Nd7 18. Rfd1 h6 19. Nh3 Nde5 20. Rxd8 Rxd8 21. Bxe5 Nxe5 22. Nf4 Nxf3+ 23. Kf2 Bxe4 24. Rxc7 Ng5 25. Nc5 Bh1 26. h4 Rf8 27. hxg5 Rxf4+ 28. Kg3 Rf7 29. Rc8+ Kh7 30. Ne6 Kg6 31. gxh6 gxh6 32. Rg8+ Kh7 33. Rd8 Bc6 34. g5 Re7 35. Nf8+ Kg7 36. gxh6+ Kxh6 37. Rd6+ Kg5 38. Ne6+ Kf5 39. Nd8 Ke5 40. Rd2 Bd5 41. Re2+ Be4 42. Rd2 Rg7+ 43. Kh4 Bd5 44. a4 Rg8 45. Nxb7 Bxb7 46. Rd7 Be4 47. Rxa7 Kf4 48. Rf7+ Bf5 0-1

[Event "Budapest Spring op"]
[Site "Budapest"]
[Date "2019.04.13"]
[Round "5"]
[White "Lye, Lik Zang"]
[Black "Kormos, Adam"]
[Result "1-0"]
[WhiteElo "2377"]
[BlackElo "2257"]
[PlyCount "47"]
[EventDate "2019.04.09"]
[EventType "swiss"]
[EventRounds "9"]
[EventCountry "HUN"]
[SourceTitle "CBM 190 Extra"]
[Source "ChessBase"]
[SourceDate "2019.07.15"]
[SourceVersion "1"]
[SourceVersionDate "2019.07.15"]
[SourceQuality "1"]

1. d4 d6 2. Nf3 Bf5 3. g3 Nf6 4. Bg2 c6 5. 0-0 Nbd7 6. c4 e5 7. Nc3 Bg6 8. Nh4 Be7 9. d5 Qc7 10. b3 Rd8 11. Bb2 Nh5 12. Nxg6 hxg6 13. Qd3 c5 14. f4 exf4 15. gxf4 g5 16. fxg5 Bxg5 17. Rf5 Bf6 18. Qh3 Qa5 19. Raf1 Bd4+ 20. e3 Bxc3 21. Rxf7 Rh6 22. Qxd7+ Rxd7 23. Rf8+ Ke7 24. R1f7# 1-0

[Event "HUN-chT2 Erkel 1819"]
[Site "Hungary"]
[Date "2019.03.31"]
[Round "8.5"]
[White "Kormos, Adam"]
[Black "Koszegi, Lajos"]
[Result "1-0"]
[WhiteElo "2184"]
[BlackElo "2065"]
[PlyCount "127"]
[EventDate "2018.10.28"]
[EventType "team-tourn"]
[EventRounds "9"]
[EventCountry "HUN"]
[SourceTitle "EXT 2021"]
[Source "ChessBase"]
[SourceDate "2020.10.23"]
[SourceVersion "1"]
[SourceVersionDate "2020.10.23"]
[SourceQuality "1"]
[WhiteTeam "Budapest EAC"]
[BlackTeam "Szada GSBE"]
[WhiteTeamCountry "HUN"]
[BlackTeamCountry "HUN"]

1. e4 c5 2. Nf3 d6 3. Nc3 Nc6 4. g3 g6 5. d4 cxd4 6. Nxd4 Bg7 7. Be3 Nf6 8. h3 0-0 9. Bg2 Bd7 10. Qd2 Nxd4 11. Bxd4 Bc6 12. Rd1 Qa5 13. 0-0 Rfc8 14. f4 Nh5 15. Kh2 Qb4 16. Bxg7 Nxg7 17. Nd5 Qxd2 18. Rxd2 Kf8 19. g4 Bxd5 20. exd5 Rc4 21. Rff2 Ne8 22. Bf1 Rc5 23. c4 a5 24. Rf3 Nf6 25. Kg1 b6 26. Re3 Rac8 27. Be2 R8c7 28. a4 Nd7 29. h4 Nb8 30. b3 Na6 31. Bd1 Rc8 32. h5 R5c7 33. hxg6 hxg6 34. Rh2 Kg7 35. Reh3 Rg8 36. Kf1 Nc5 37. Bc2 Kf8 38. Ke1 f6 39. Rh6 Kf7 40. Rh7+ Kf8 41. Kd2 g5 42. fxg5 Rxg5 43. R2h4 Nd7 44. Bf5 Ne5 45. Kc3 Nf7 46. Be6 Rg7 47. Rh8+ Rg8 48. R8h5 Rg5 49. Rh1 Rxh5 50. gxh5 Kg7 51. Rg1+ Ng5 52. b4 Kh6 53. Bf5 Nf3 54. bxa5 bxa5 55. Rg8 Ne5 56. Rh8+ Kg7 57. Rh7+ Kg8 58. h6 Rxc4+ 59. Kd2 Nf3+ 60. Ke3 Ng5 61. Rxe7 Rxa4 62. Bg6 Ra3+ 63. Ke2 Ra2+ 64. Kd1 1-0